Elements in Object Names - Statistics

General Stats
  • This quiz has been taken 69 times
    61 since last reset
  • The average score is 7 of 11
Answer Stats
Element % Correct
{Helium} balloon
96%
{Gold} coins
89%
{Copper} wires
85%
{Hydrogen} bomb
80%
{Lithium} - ion battery
80%
{Mercury} thermometer
80%
{Silicon} computer chips
74%
Liquid {Nitrogen} fuel
65%
{Aluminium} soft drink can
61%
{Neodymium} supermagnets
26%
{Niobium} rocket nozzles
6%
No matching quizzes found
Score Distribution
Percent of People with Each Score
Percentile by Number Answered
Your Score History
You have not taken this quiz since the last reset